<?xml version="1.0" encoding="UTF-8"?>
<record
    xmlns:xsi="http://www.w3.org/2001/XMLSchema-instance"
    xsi:schemaLocation="http://www.loc.gov/MARC21/slim http://www.loc.gov/standards/marcxml/schema/MARC21slim.xsd"
    xmlns="http://www.loc.gov/MARC21/slim">

  <leader>00843nam a22002537a 4500</leader>
  <controlfield tag="003">dpl</controlfield>
  <controlfield tag="005">20180823143930.0</controlfield>
  <controlfield tag="008">180823b        xxu||||| |||| 00| 0 eng d</controlfield>
  <datafield tag="010" ind1=" " ind2=" ">
    <subfield code="a">A-903876</subfield>
  </datafield>
  <datafield tag="020" ind1=" " ind2=" ">
    <subfield code="c">00.00</subfield>
    <subfield code="a">8190042300</subfield>
  </datafield>
  <datafield tag="035" ind1=" " ind2=" ">
    <subfield code="a">A-903876, A-903880</subfield>
  </datafield>
  <datafield tag="037" ind1=" " ind2=" ">
    <subfield code="b">Cen Lib/Ret</subfield>
  </datafield>
  <datafield tag="040" ind1=" " ind2=" ">
    <subfield code="a">DPL</subfield>
    <subfield code="b">EN</subfield>
    <subfield code="c">0</subfield>
  </datafield>
  <datafield tag="082" ind1=" " ind2=" ">
    <subfield code="a">025.1</subfield>
    <subfield code="b">GOS</subfield>
  </datafield>
  <datafield tag="100" ind1=" " ind2=" ">
    <subfield code="a">Goswami, Badri Prasad</subfield>
    <subfield code="9">97590</subfield>
  </datafield>
  <datafield tag="245" ind1=" " ind2=" ">
    <subfield code="a">Motivational factors in library management /</subfield>
    <subfield code="c">by Badri Prasad Goswami </subfield>
  </datafield>
  <datafield tag="260" ind1=" " ind2=" ">
    <subfield code="a">Banaras</subfield>
    <subfield code="b">Radhakrishna publications </subfield>
    <subfield code="c">1996</subfield>
  </datafield>
  <datafield tag="270" ind1=" " ind2=" ">
    <subfield code="b">Banaras</subfield>
    <subfield code="a">H/8, Near town committe office B.H.U.</subfield>
    <subfield code="e">221005</subfield>
  </datafield>
  <datafield tag="300" ind1=" " ind2=" ">
    <subfield code="a">371p.</subfield>
    <subfield code="c">22cm(Hb)</subfield>
  </datafield>
  <datafield tag="500" ind1=" " ind2=" ">
    <subfield code="a">Includes bibliographical references and index </subfield>
  </datafield>
  <datafield tag="650" ind1=" " ind2=" ">
    <subfield code="a">Library and information science </subfield>
    <subfield code="9">97591</subfield>
  </datafield>
  <datafield tag="650" ind1=" " ind2=" ">
    <subfield code="a">Library management </subfield>
    <subfield code="9">97592</subfield>
  </datafield>
  <datafield tag="942" ind1=" " ind2=" ">
    <subfield code="2">ddc</subfield>
    <subfield code="c">EN</subfield>
    <subfield code="h">025.1</subfield>
    <subfield code="m">GOS</subfield>
  </datafield>
  <datafield tag="999" ind1=" " ind2=" ">
    <subfield code="c">132608</subfield>
    <subfield code="d">132608</subfield>
  </datafield>
  <datafield tag="952" ind1=" " ind2=" ">
    <subfield code="0">0</subfield>
    <subfield code="1">0</subfield>
    <subfield code="4">0</subfield>
    <subfield code="7">0</subfield>
    <subfield code="a">L</subfield>
    <subfield code="b">L</subfield>
    <subfield code="d">2015-07-23</subfield>
    <subfield code="e">Cen Lib/Ret</subfield>
    <subfield code="g">0.00</subfield>
    <subfield code="l">0</subfield>
    <subfield code="o">025.1 GOS</subfield>
    <subfield code="p">A-903876</subfield>
    <subfield code="r">2015-07-23 00:00:00</subfield>
    <subfield code="t">1</subfield>
    <subfield code="v">0.00</subfield>
    <subfield code="w">2016-09-15</subfield>
    <subfield code="y">EN</subfield>
  </datafield>
  <datafield tag="952" ind1=" " ind2=" ">
    <subfield code="0">0</subfield>
    <subfield code="1">0</subfield>
    <subfield code="2">ddc</subfield>
    <subfield code="4">0</subfield>
    <subfield code="7">0</subfield>
    <subfield code="8">NFIC</subfield>
    <subfield code="a">BL4</subfield>
    <subfield code="b">BL4</subfield>
    <subfield code="d">2018-08-23</subfield>
    <subfield code="e">BPPD/PUB</subfield>
    <subfield code="g">0.00</subfield>
    <subfield code="l">0</subfield>
    <subfield code="o">025.1 GOS</subfield>
    <subfield code="p">A-903880</subfield>
    <subfield code="r">2018-08-23 00:00:00</subfield>
    <subfield code="v">0.00</subfield>
    <subfield code="w">2018-08-23</subfield>
    <subfield code="y">EN</subfield>
  </datafield>
</record>
